Global human resource management : managing people at work (Record no. 189811)

MARC details
000 -LEADER
fixed length control field 00464nam a2200157Ia 4500
005 - DATE AND TIME OF LATEST TRANSACTION
control field 20250401144740.0
008 - FIXED-LENGTH DATA ELEMENTS--GENERAL INFORMATION
fixed length control field 231217s9999 xx 000 0 und d
020 ## - INTERNATIONAL STANDARD BOOK NUMBER
International Standard Book Number 9789380156521
082 ## - DEWEY DECIMAL CLASSIFICATION NUMBER
Classification number 658.3 NAI;1 R
100 ## - MAIN ENTRY--PERSONAL NAME
Personal name Naik, Chitra Atmaram.
245 #0 - TITLE STATEMENT
Title Global human resource management : managing people at work
260 ## - PUBLICATION, DISTRIBUTION, ETC. (IMPRINT)
Date of publication, distribution, etc. 2010
Name of publisher, distributor, etc. Ane books
Place of publication, distribution, etc. New Delhi
300 ## - PHYSICAL DESCRIPTION
Extent xvii, 252
650 ## - SUBJECT ADDED ENTRY--TOPICAL TERM
Topical term or geographic name as entry element Global,management, , managin, peopl, a, work
942 ## - ADDED ENTRY ELEMENTS (KOHA)
Koha item type Books
Holdings
Date last seen Total Checkouts Full call number Accession number Old discount Cost, replacement price Price effective from Category Lost status Damaged status Department Withdrawn status bill no. bill date Permanent Location Current Location Shelving location Entry date Vendor Cost, normal purchase price Grants Currency symbol Conversion rate Discount Discount type
26/01/2024   658.3 NAI;1 R 75501 25 168.75 26/01/2024 Books     Central Library   208 28/10/2014 Central Library Central Library Central Library 30/10/2010 Ane Books 225.00 MBA RS 1 56.25 Rupees

© For any Suggestions or Query, please contact the library staff @ librarian@pes.edu or Phone: +9180 2672 1983/ 2108.